A to Z: Musical Terms #4 - Statistics

General Stats
  • This quiz has been taken 2,105 times
    2,085 since last reset
  • The average score is 17 of 26
Answer Stats
Hint Answer % Correct
A Sang Dancing Queen ABBA
96%
R Style of Tupac or Eminem Rap
93%
P Pianists' foot-activated device Pedal
85%
Q Ensemble of five musicians Quintet
85%
T Adjust an instrument to correct pitch Tune
85%
O Common double-reed instrument Oboe
83%
W Blow through lips to make sound Whistle
81%
B Conductor's stick Baton
80%
U Billy Joel's ______ Girl Uptown
79%
Y Classic song by Village People YMCA
79%
E John, of Candle in the Wind fame Elton
77%
V Composed The Four Seasons Vivaldi
77%
D Unit that measures intensity of sound Decibel
74%
F Loud in volume (Italian) Forte
74%
S Instrument played by Ravi Shankar Sitar
69%
N Musical symbol indicating pitch Note
68%
Z ___ -a-dee-doo-dah Zip
68%
L Guitar of Medieval/Renaissance times Lute
66%
I Country, home to Uilleann pipes Ireland
62%
C 'Spanish' opera, by Bizet Carmen
55%
H Composed Water Music Handel
48%
M The academic study of music Musicology
45%
X 1980 Olivia Newton-John musical film Xanadu
43%
G Beatles' song ______ Slumbers Golden
26%
J US singer of Foolish Games fame Jewel
17%
K European Jewish band musical style Klezmer
15%
No matching quizzes found
Score Distribution
Percent of People with Each Score
Percentile by Number Answered
Your Score History
You have not taken this quiz since the last reset